| 000 | 00383 a2200109 4500 | ||
|---|---|---|---|
| 001 | ART_21173 | ||
| 005 | 20260410161902.0 | ||
| 008 | 260409a | ||
| 245 | 1 | 0 | _aEfficiency aspects of the differential tax treatment of market and household economy activity |
| 100 | 1 | _aBoskin, Michael | |
| 773 | 0 |
_tJournal of public economics _g- Vol.4, NÂș 1 (feb. 1975) _wREV11485 |
|
| 999 |
_c26044 _d26044 |
||